000 00488nam a22001937a 4500
003 MPLRDC
005 20220104143639.0
008 210129b ||||| |||| 00| 0 eng d
020 _a957-812-801-0
082 _a889 LMJD v.583
100 _aLINDA LAEL MILLER
245 _a骑士
_c李维薇 译
250 _a第一版
260 _a
_b林白出版社
_c1998
300 _b
490 _a浪漫经典. 583
650 _a西洋小说之中文翻译
942 _cBK
_o889 LMJD v.583
999 _c41956
_d41946